Statistics for Arkansas Counties Quiz

Click here to take the quiz!

General Stats

  • This quiz has been taken 6,414 times
  • The average score is 40 of 75

Answers on the Map

Answers color-coded by a green-red scale on the quiz's map according to % correct below.
Loading ...
 

Answer Stats

PopulationCounty% Correct
203,065Washington
85%
382,748Pulaski
77%
77,435Jefferson
76%
221,339Benton
74%
46,480Mississippi
72%
15,717Madison
70%
17,997Jackson
70%
19,019Arkansas
70%
20,662Polk
64%
14,134Lincoln
64%
8,149Monroe
64%
25,540Johnson
62%
42,090Greene
62%
10,424Lee
61%
77,076White
61%
32,923Hot Spring
61%
18,125Franklin
59%
16,083Clay
58%
107,118Saline
57%
41,639Union
57%
17,853Grant
56%
21,273Conway
56%
113,237Faulkner
54%
36,903Boone
54%
22,185Yell
53%
61,948Crawford
53%
22,995Clark
53%
125,744Sebastian
53%
27,446Carroll
52%
96,443Craighead
52%
10,445Perry
52%
17,295Van Buren
51%
13,008Desha
51%
16,653Marion
51%
13,696Izard
51%
8,195Searcy
51%
61,754Pope
51%
11,291Pike
50%
7,645Lafayette
50%
5,368Calhoun
50%
13,171Little River
49%
96,024Garland
49%
68,356Lonoke
49%
50,902Crittenden
49%
43,462Miller
49%
21,853Ashley
49%
11,800Chicot
48%
8,116Dallas
48%
9,487Montgomery
48%
41,513Baxter
48%
11,233Scott
47%
24,583Poinsett
47%
12,245Fulton
47%
12,394Stone
46%
8,330Newton
46%
17,870Cross
46%
26,120Ouachita
46%
28,258St. Francis
45%
36,647Independence
45%
17,969Randolph
45%
18,509Drew
45%
13,789Howard
44%
17,415Lawrence
44%
11,508Bradley
43%
24,552Columbia
43%
22,609Hempstead
43%
8,689Cleveland
43%
22,353Logan
42%
8,997Nevada
42%
25,970Cleburne
41%
8,715Prairie
41%
17,058Sevier
41%
17,264Sharp
41%
21,757Phillips
41%
7,260Woodruff
41%

Score Distribution

Percentile by Number Answered

Percent of People with Each Score

Your Score History

You have not taken this quiz